[Event "2. Abierto Hotel Cemar 2015"]
[Site "Mondariz ESP"]
[Date "2015.08.23"]
[Round "9.20"]
[White "Garcia Lafuente, Luis Mario"]
[Black "Gomez Fernandez, Pedro Javier"]
[Result "0-1"]
[WhiteElo "1492"]
[BlackElo "1540"]
[PlyCount "62"]
[EventDate "2015.08.16"]
[EventType "swiss"]
[EventRounds "9"]
[EventCountry "ESP"]
[Source "lmi"]
[SourceDate "2015.08.16"]

1. d4 d5 2. Bf4 Nf6 3. e3 e6 4. c4 c5 5. Nf3 Nc6 6. Be2 Bd6 7. Ne5 cxd4 8. O-O
Bxe5 9. Bxe5 Nxe5 10. Qxd4 Nc6 11. Qc5 Qe7 12. Qb5 Qb4 13. Nc3 a6 14. Qxb4 Nxb4
15. a3 Nc6 16. c5 O-O 17. b4 e5 18. Rad1 Rd8 19. Rfe1 Bf5 20. f3 d4 21. exd4
exd4 22. Na2 d3 23. Bf1 Rd7 24. Rd2 Rad8 25. Nc1 Nd4 26. Re3 Nc2 27. Re5 Bg6
28. g4 h6 29. h4 Nxa3 30. g5 Nc4 31. Nxd3 Nxd2 0-1

[Event "2. Abierto Hotel Cemar 2015"]
[Site "Mondariz ESP"]
[Date "2015.08.23"]
[Round "9.21"]
[White "Otero Campos, Cintia"]
[Black "Gonzalez Eiris, Daniel"]
[Result "0-1"]
[WhiteElo "1139"]
[BlackElo "1833"]
[PlyCount "72"]
[EventDate "2015.08.16"]
[EventType "swiss"]
[EventRounds "9"]
[EventCountry "ESP"]
[Source "lmi"]
[SourceDate "2015.08.16"]

1. e4 e6 2. Nc3 d5 3. exd5 exd5 4. d4 c6 5. Nf3 Bd6 6. Ne2 Ne7 7. Bf4 Bxf4 8.
Nxf4 Qd6 9. Nh5 O-O 10. Ng3 Qb4+ 11. c3 Qxb2 12. Qb1 Qxc3+ 13. Kd1 Bg4 14. Be2
Bxf3 15. Bxf3 Qxd4+ 16. Ke2 b6 17. Re1 Qc4+ 18. Qd3 Qxd3+ 19. Kxd3 Ng6 20. Nf5
Na6 21. g3 Rfe8 22. Bh5 Ne5+ 23. Kd4 c5+ 24. Kxd5 Rad8+ 25. Nd6 Nb4+ 26. Ke4
Rxd6 27. Kf5 g6+ 28. Kg5 gxh5 29. f4 Nf3+ 30. Kxh5 Nxe1 31. a3 Rd5+ 32. Kg4 Re6
33. f5 Re4+ 34. Kg5 Nf3+ 35. Kh5 Rxf5+ 36. Kh6 Re6# 0-1